000 01570 a2200265 4500
999 _c11386
_d11386
020 _a9781032157832
050 0 0 _aHQ1426
_bCOL 2022
100 1 _aHill Collins, Patricia.
_eauthor
245 1 0 _aBlack feminist thought :
_bknowledge, consciousness, and the politics of empowerment /
_cPatricia Hill Collins.
250 _athirteth Anniversary edition
264 _aLondon :
_bRoutledge,
_c2022
300 _a392 pages
_billustrations
336 _2rdacontent
_atext
_btxt
337 _2rdamedia
_aunmediated
_bn
338 _2rdacarrier
_avolume
_bnc
500 _aOriginally published in 1990; first published in Routledge Classics, 2009.
504 _aIncludes bibliographical references (p. [323]-346) and index.
505 0 _aThe politics of Black feminist thought -- Distinguishing features of Black feminist thought -- Work, family, and Black women's oppression -- Mammies, matriarchs, and other controlling images -- The power of self-definition -- The sexual politics of black womanhood -- Black women's love relationships -- Black women and motherhood -- Rethinking Black women's activism -- U.S. Black feminism in transnational context -- Black feminist epistemology -- Toward a politics of empowerment.
650 0 _aFeminism
650 0 _aAfrican American women.
651 0 _aUnited States
856 4 1 _3Table of contents only
_uhttp://www.loc.gov/catdir/toc/ecip0827/2008037553.html
942 _2lcc
_cBK
_e30 th
_h1426
_iCOL
_kHQ